A textbook of physical chemistry / (Record no. 147590)

MARC details
000 -LEADER
fixed length control field 00624nam a22002177a 4500
005 - DATE AND TIME OF LATEST TRANSACTION
control field 20171120150259.0
010 ## - LCCN (DPL NO)
LC control number ENG-121491
020 ## - INTERNATIONAL STANDARD BOOK NUMBER
International Standard Book Number 9789352590421
Terms of availability 450.00
035 ## - SYSTEM CONTROL NUMBER
System control number EN-105023
037 ## - SOURCE OF ACQUISITION
Source of stock number/acquisition DBAD/PUB
082 ## - DEWEY DECIMAL CLASSIFICATION NUMBER
Classification number 541.3
100 ## - MAIN ENTRY--PERSONAL NAME
Personal name Sharma, K K
245 ## - TITLE STATEMENT
Title A textbook of physical chemistry /
Statement of responsibility, etc by K K Sharma [and] L K Sharma
250 ## - EDITION STATEMENT
Edition statement Sixth Edition
260 ## - PUBLICATION, DISTRIBUTION, ETC. (IMPRINT)
Place of publication, distribution, etc Noida
Name of publisher, distributor, etc Vikas Publishing House
Date of publication, distribution, etc 2016
270 ## - ADDRESS
Address E-28, Sector 8,
City Noida (UP)
Postal code 201301
300 ## - PHYSICAL DESCRIPTION
Extent xvi,863p.
Dimensions 25cm(pbk)
500 ## - GENERAL NOTE
General note Includes index
700 ## - ADDED ENTRY--PERSONAL NAME
Dates associated with a name Sharma, L K
942 ## - ADDED ENTRY ELEMENTS (KOHA)
Source of classification or shelving scheme Dewey Decimal Classification
Item type English Books
Classification part 541.3
Call number suffix SHA
Holdings
Withdrawn status Lost status Not for loan Collection code Home library Current library Date acquired Source of acquisition Cost, normal purchase price Full call number Barcode Copy number Cost, replacement price Koha item type
    Not For Loan Non-fiction D.B.Act.Division Bawana 20/11/2017 DBAD/PUB 450.00 541.3 SHA EN-105023 1 450.00 English Books

© Delhi Public Library
Hit Counter
free hit counter